Public health and preventive medicine ; 1200 multiple choice questions and referenced answers.

Bibliographic Details
Main Author: Wenzel, Richard L.
Format: Book
Language:English
Published: Flushing, N.Y. : Medical Examination Pub. Co., 1964.
Edition:3d ed.
Series:Medical examination review book, v. 6
Subjects:

MARC

Tag First Indicator Second Indicator Subfields
LEADER 00000cam a2200000 4500
001 in00000047654
005 20151007073440.0
008 790628s1964 nyu b 00000 eng d
035 |a (OCoLC)05117103 
035 |9 AAE9740AM 
040 |a TXA  |c TXA  |d UtOrBLW 
049 |a TXAM  |c [A05087761] 
050 4 |a RA430  |b .W46 1964 
100 1 |a Wenzel, Richard L. 
245 1 0 |a Public health and preventive medicine ;  |b 1200 multiple choice questions and referenced answers. 
250 |a 3d ed. 
264 1 |a Flushing, N.Y. :  |b Medical Examination Pub. Co.,  |c 1964. 
300 |a 185 pages 
336 |a text  |b txt  |2 rdacontent 
337 |a unmediated  |b n  |2 rdamedia 
338 |a volume  |b nc  |2 rdacarrier 
490 0 |a Medical examination review book,  |v v. 6 
504 |a Includes bibliography. 
650 0 |a Public health  |v Examinations, questions, etc. 
650 0 |a Medicine, Preventive. 
650 0 |a Medicine  |v Examinations, questions, etc. 
999 |a MARS 
999 f f |s fa8b20a0-f509-369f-9995-8cf704300434  |i f5613079-65ed-36bf-b001-f80563cbaa45  |t 0 
952 f f |p ric  |a Texas A&M University  |b Rellis Campus  |c Joint Library Facility  |d Remote Storage  |t 0  |e RA430 .W46 1964  |h Library of Congress classification  |i unmediated -- volume  |m A14805087761 
998 f f |a RA430 .W46 1964  |t 0  |l Remote Storage